00639nam a2200193Ia 450000500170000000800410001704100080005808200160006610000150008224500220009726000550011930000090017450000170018365000250020070000380022594200070026399900170027095201580028720230201165524.0230125s9999 xx 000 0 und d aeng a658.15bBAG aBagewadi S aStrategic Finance c2010bSymbiosis centre for distance learningaPune a286p aStrategic FM aStrategic FM9119112 aBagewadi S & Nandini Madan, Donor cDB c93609d93609 00104070aHIMRbHIMRd2015-06-16eDonated Book- Outside Donarg1.00o658.15 BAG DB1970pHIMR-DB-1970r2023-01-25 00:00:00v1.00w2023-01-25yDBzDB1970